Districts in Balıkesir - Statistics

General Stats
  • This quiz has been taken 16 times
  • The average score is 15 of 20
Answer Stats
District % Correct
Altıeylül
100%
Bandırma
100%
Edremit
100%
Ayvalık
89%
Havran
89%
İvrindi
89%
Karesi
89%
Erdek
78%
Gömeç
78%
Savaştepe
78%
Burhaniye
67%
Sındırgı
67%
Susurluk
67%
Balya
56%
Bigadiç
56%
Dursunbey
56%
Gönen
56%
Kepsut
56%
Manyas
56%
Marmara
56%
No matching quizzes found
Score Distribution
Percent of People with Each Score
Percentile by Number Answered
Your Score History
You have not taken this quiz